Top 5 Biggest Cities in Armenia by Population - Statistics

General Stats
  • This quiz has been taken 10 times
  • The average score is 2 of 5
Answer Stats
Population City % Correct
1.1m Yerevan
100%
148k Gyumri
50%
47k Vagharshapat
25%
101k Vanadzor
25%
41k Hrazdan
13%
No matching quizzes found
Score Distribution
Percent of People with Each Score
Percentile by Number Answered
Your Score History
You have not taken this quiz